| Tag |
First Indicator |
Second Indicator |
Subfields |
| LEADER |
00000cam a2200000 a 4500 |
| 001 |
in00002202387 |
| 005 |
20151104095656.0 |
| 008 |
060626s2006 nhu 000 0 eng |
| 010 |
|
|
|a 2006019533
|
| 020 |
|
|
|a 0325009252 (acid-free paper)
|
| 020 |
|
|
|a 9780325009254
|
| 024 |
3 |
|
|a 9780325009254
|
| 029 |
1 |
|
|a YDXCP
|b 2368427
|
| 035 |
|
|
|a (OCoLC)ocm70199827
|
| 035 |
|
|
|a (OCoLC)70199827
|
| 040 |
|
|
|a DLC
|c DLC
|d BAKER
|d DPL
|d YDXCP
|d UtOrBLW
|
| 043 |
|
|
|a n-us---
|
| 049 |
|
|
|a TXAM
|
| 050 |
0 |
0 |
|a PS3555.D925
|b B55 2006
|
| 082 |
0 |
0 |
|a 812/.54
|2 22
|
| 100 |
1 |
|
|a Edwards, Gus.
|
| 245 |
1 |
0 |
|a Black heroes in monologues /
|c Gus Edwards.
|
| 264 |
|
1 |
|a Portsmouth, NH :
|b Heinemann,
|c [2006]
|
| 264 |
|
4 |
|c ©2006
|
| 300 |
|
|
|a ix, 146 pages ;
|c 23 cm.
|
| 336 |
|
|
|a text
|b txt
|2 rdacontent
|
| 337 |
|
|
|a unmediated
|b n
|2 rdamedia
|
| 338 |
|
|
|a volume
|b nc
|2 rdacarrier
|
| 505 |
0 |
|
|a Alberta Hunter, "Why I sung the blues" -- August Wilson, "Just chattin'" -- Bass Reeves, "Knowing the territory" -- Booker T. Washington, "The final key" -- Charles "Buddy" Bolden, "My own private blues" ; "Witness to the starting" (remembering Buddy Bolden) -- Coretta Scott King, "I remember" -- Elizabeth Hudson Smith, "A monument to me" -- Frederick Douglass : "Talkin' 'bout slavery" (a rap) ; "I will raise both my hands" -- "General" Buddoe, "We will ask, but we won't beg" -- Harriet Tubman, "Mr. John Brown and me" -- Hattie McDaniel, "Nobody knows and yet they talk" -- Jackie Robinson, "Baseball and character" -- James Baldwin, "A dream of deliverance" (a dual monologue) -- Joe Louis, "Faithful to the end" -- Joseph Cinque, "Memories of the Amistad" -- Daniel Louis "Satch" Armstrong, "Riffing" -- Mahalia Jackson : "The honest-to-god truth" (young Mahalia) ; "Why I sing gospel" -- Malcolm X, "Changes" -- Dr. Martin Luther King Jr., "I want to make this clear" -- Nat Turner, "Meditations" (on the eve of his bold and daring enterprise) -- Oscar Micheaux : "Ambition and optimism" -- Paul Robeson, "Who I am, what I stand for" -- "Queen" Mary, "Tired a waitin'" -- Ralph Johnson Bunche, "A new world order" (a prayer) -- Rosa Parks, "Unsung heroes" -- St. Martin de Porres, "I am blessed" -- Sojourner Truth : "The power of words, starting to learn."
|
| 650 |
|
0 |
|a Monologues, American.
|
| 650 |
|
0 |
|a African Americans
|v Drama.
|
| 650 |
|
0 |
|a Blacks
|v Drama.
|
| 650 |
|
0 |
|a Heroes
|v Drama.
|
| 856 |
4 |
1 |
|3 Table of contents only
|u http://www.loc.gov/catdir/toc/ecip0616/2006019533.html
|t 0
|
| 938 |
|
|
|a Baker & Taylor
|b BKTY
|c 13.95
|d 13.95
|i 0325009252
|n 0006684937
|s active
|
| 938 |
|
|
|a YBP Library Services
|b YANK
|n 2368427
|
| 945 |
|
|
|a PromptCat
|
| 946 |
|
|
|a stk
|
| 947 |
|
|
|a A14835015469
|
| 994 |
|
|
|a 92
|b TXA
|
| 948 |
|
|
|a cataloged
|b h
|c 2006/12/7
|d c
|e rbarron
|f 6:25:10 pm
|
| 999 |
|
|
|a MARS
|
| 999 |
f |
f |
|s b391bd3b-7a0b-37ce-ad6d-fe960c4bb60e
|i 4bf23866-1d1c-30b4-b0d8-6f2f28b078f1
|t 0
|
| 952 |
f |
f |
|p ric
|a Texas A&M University
|b Rellis Campus
|c Joint Library Facility
|d Remote Storage
|t 0
|e PS3555.D925 B55 2006
|h Library of Congress classification
|i unmediated -- volume
|m A14835015469
|
| 998 |
f |
f |
|a PS3555.D925 B55 2006
|t 0
|l Remote Storage
|